00937nam a2200229 a 450000100100000000500170001000800410002704000250006808200200009310000310011324501570014426000670030130000360036850000640040450400560046850400320052465000260055665000430058265000260062565000320065165000240068300001631920240229073943.0100303s1988 dr ac 001 p spa d aDO-SdBNPbspacBNPHU aRD868.02bC531e1 aChez Checo, José,d1949-10aEpigramas sobre el Ron Brugal (1906-1911) :bpara la historia de la publicidad y de la vida cotidiana en la República Dominicana /cJosé Chez Checo. aSanto Domingo :bCentenario de Brugal,c1988.fAmigo del Hogar a670 p. :bil., retrs. ;c24 cm. aIncluye datos biográficos del autor en la contracubierta. aIncluye bibliografía y notas al pie de páginas. aBibliografía: p. 645-647. 4aEpigramas dominicanos 4aPublicidad sobre bebidas alcohólicas 4aBebidas alcohólicas 4aRonzRepública Dominicana 0aPoesía dominicana